000 00963nam a22002777a 4500
001 0181
003 DO-SdBNP
005 20160328124813.0
007 0181
008 151005b 200 1998 dr 00| 0 spa d
040 _aBPMSU
_bspa
_cBPMSU
092 _aXXXX
_bXXXX
100 1 _aLiriano Brito, María Concepción
245 1 0 _aLengua española 2000
_beducación básica 2do. /
_cMaría Concepción Liriano Brito, Rosa del Carmen Mena, Celeste Amparo Camilo Amarante ; directora de ediciones Nelgia A. Acosta ; ilustraciones Stalin Núñez, Julio C. Martínez, Jorge Valerio
260 _aSanto Domingo :
_bSusaeta,
_c1998.
300 _a192 p :
_bil.
_c27 cm.
700 1 2 _aMena, Rosa del Carmen
700 1 2 _aCamilo Amarante, Celeste Amparo
700 1 2 _aAcosta, Nelgia A.
_edir. ed.
700 1 2 _aNúñez, Stalin
_eil.
700 1 2 _aMartínez, Julio C.
_eil.
700 1 2 _aValerio, Jorge
_eil.
910 _a144
942 _2ddc
_cBK
956 _aYngrid Lockward
999 _c9283
_d9283